000 00502nam a2200133Ia 4500
008 100328s9999 xx 000 0 und d
082 _b55173
100 _aदेशपांडे ाों.वि.
245 _aजी.एं.च्या कथा एक अन्वयार्थ
260 _bमौज
630 _aजी.एं.च्या कथा एक अन्वयार्थ
730 _aजी.एं.च्या कथा एक अन्वयार्थ
942 _cBOOK
999 _c541872
_d541869